Library of the University of Algiers 3
Ibrahim Sultan Cheibout
شعار جامعة الجزائر 3
مكتبة جامعة الجزائر 3
إبراهيم سلطان شيبوط

أثر النشاط البدني الرياضي في تكوين شخصية الطفل في المرحلة التحضيرية (رقم التسجيلة. 15187)

تفاصيل مارك
000 -LEADER
fixed length control field 00867nam a2200205Ia 4500
005 - DATE AND TIME OF LATEST TRANSACTION
control field 20251215152042.0
008 - FIXED-LENGTH DATA ELEMENTS--GENERAL INFORMATION
fixed length control field 250219s9999||||xx |||||||||||||| ||und||
100 ## - MAIN ENTRY--PERSONAL NAME
Personal name نقاز، محمد
245 #0 - TITLE STATEMENT
Title أثر النشاط البدني الرياضي في تكوين شخصية الطفل في المرحلة التحضيرية
260 ## - PUBLICATION, DISTRIBUTION, ETC.
Place of publication, distribution, etc. الجزائر
Date of publication, distribution, etc. 2006
300 ## - PHYSICAL DESCRIPTION
Extent 201 و.
Dimensions 30 سم.
502 ## - DISSERTATION NOTE
Dissertation note ماجستير
502 ## - DISSERTATION NOTE
Name of granting institution معهد التربية البدنية و الرياضية، جامعة الجزائر 3
653 ## - INDEX TERM--UNCONTROLLED
Uncontrolled term الطفل
653 ## - INDEX TERM--UNCONTROLLED
Uncontrolled term النشاط البدني الرياضي التربوي
653 ## - INDEX TERM--UNCONTROLLED
Uncontrolled term النشاط البدني الرياضي المكيف
700 ## - ADDED ENTRY--PERSONAL NAME
Personal name لزعر, سامية
710 ## - ADDED ENTRY--CORPORATE NAME
Corporate name or jurisdiction name as entry element معهد التربية البدنية و الرياضية، جامعة الجزائر 3
942 ## - ADDED ENTRY ELEMENTS (KOHA)
Koha item type رسائل و أطروحات
المقتنيات
Withdrawn status Lost status Source of classification or shelving scheme Damaged status Not for loan Home library Current library Date acquired Inventory number Total checkouts Full call number Barcode Date last seen Price effective from Koha item type
    Dewey Decimal Classification   NOT LOAN / إعارة داخلية مكتبة معهد التربية البدنية و الرياضية مكتبة معهد التربية البدنية و الرياضية 24/02/2025 DOCT125   DOCT125 DOCT125 24/02/2025 24/02/2025 رسائل و أطروحات

موارد الويب المفتوحة


© University of Algiers 3 All Rights Reserved
|
Implemented by LECHELAH Riad